Reliez les Ministres du Travail à leur Président (Ve République) - Statistiques

Statistiques générales
  • Ce quiz a été pris 85 fois
  • Le résultat moyen est 7 sur 21
Statistiques - réponses
Hint Réponse % Correct
Élisabeth Borne Emmanuel Macron
97%
Xavier Bertrand Nicolas Sarkozy
55%
Olivier Dussopt Emmanuel Macron
49%
Pierre Bérégovoy François Mitterrand
43%
Myriam El Khomri François Hollande
42%
François Fillon Jacques Chirac
37%
Michel Sapin François Hollande
34%
Élisabeth Guigou Jacques Chirac
34%
Muriel Pénicaud Emmanuel Macron
31%
Paul Bacon Charles de Gaulle
27%
Joseph Fontanet Georges Pompidou
27%
Jean-Marcel Jeanneney Charles de Gaulle
25%
Michel Delebarre François Mitterrand
25%
Philippe Séguin François Mitterrand
25%
Jean-Louis Borloo Jacques Chirac
25%
Gilbert Grandval Charles de Gaulle
22%
Michel Giraud François Mitterrand
21%
Jean-Pierre Soisson François Mitterrand
19%
Michel Durafour Valéry Giscard d'Estaing
19%
Jacques Barrot Jacques Chirac
15%
Robert Boulin Valéry Giscard d'Estaing
15%
Aucun quiz correspondant
Distribution des résultats
% des personnes avec chaque résultat
Percentile par nombre de réponses
Votre historique - résultats
Vous n’avez pas pris ce quiz